عرض عادي
عرض مارك
- Civil-military relations
دخول Topical Term
001 - CONTROL NUMBER
- control field: 28323
003 - CONTROL NUMBER IDENTIFIER
- control field: AE-AdECS
005 - DATE AND TIME OF LATEST TRANSACTION
- control field: 20260403094528.0
008 - FIXED-LENGTH DATA ELEMENTS
- fixed length control field: 260403|| aca||aabn | a|a d
040 ## - CATALOGING SOURCE
- Original cataloging agency: AE-AdECS
- Transcribing agency: AE-AdECS
150 ## - HEADING--TOPICAL TERM
- Topical term or geographic name entry element: Civil-military relations
- Geographic subdivision: Israel
670 ## - SOURCE DATA FOUND
- Source citation: Work cat.: (AE-AdECS)294655: Al Ali, Khamis, author 28319, Understanding Contemporary Israeli National-Security policymaking :
